000
00473nam a2200145Ia 4500
008
151213s9999 xx 000 0 und d
100
_a
আহমদ শরীফ।
245
_a
বাঙালী ও বাংলা সাহিত্য।
_c
আহমদ শরীফ।
250
_a
১ম সং
260
_a
ঢাকা
_b
বর্ণ মিছিল।
_c
1978
300
_a
4543 p.
650
_a
Bangla
700
_a
আহমদ শরীফ।
999
_c
2917
_d
2917